Central Library OPAC University of Rajshahi

Financial institutions : national and international / (Record no. 60311)

MARC details
000 -LEADER
fixed length control field 00747nam a2200229 a 4500
001 - CONTROL NUMBER
control field 60311
003 - CONTROL NUMBER IDENTIFIER
rucl marc code BD-RjUL
005 - DATE AND TIME OF LATEST TRANSACTION
control field 20211209080826.0
008 - FIXED-LENGTH DATA ELEMENTS--GENERAL INFORMATION
fixed length control field 161229s1964 pk f000 0 eng
035 ## - SYSTEM CONTROL NUMBER
System control number (BD-RjUL)60435
System control number (OCoLC)4344769
040 ## - CATALOGING SOURCE
Original cataloging agency DLC
Transcribing agency MH
Modifying agency DLC
-- (BD-RjUL)
Language of cataloging eng
041 ## - LANGUAGE CODE
Language code of text/sound track or separate title eng
082 ## - DEWEY DECIMAL CLASSIFICATION NUMBER
Edition number 23
Classification number 332.095491
Author mark and year PAF 1964
110 1# - MAIN ENTRY--CORPORATE NAME
Corporate name or jurisdiction name as entry element Pakistan.
Subordinate unit Office of the Economic Adviser.
9 (RLIN) 176712
245 10 - TITLE STATEMENT
Title Financial institutions : national and international /
Statement of responsibility, etc. Prepared by Economic Adviser to the Govt. of Pakistan, Ministry of Finance.
260 ## - PUBLICATION, DISTRIBUTION, ETC. (IMPRINT)
Place of publication, distribution, etc. Rawalpindi,
Date of publication, distribution, etc. [1964]
300 ## - PHYSICAL DESCRIPTION
Pagination 2, ix, 278 p. ;
Size 25 cm.
650 #0 - SUBJECT ADDED ENTRY--TOPICAL TERM
Topical term or geographic name as entry element Banks and banking
Geographic subdivision Pakistan.
9 (RLIN) 174032
942 ## - ADDED ENTRY ELEMENTS (KOHA)
Source of classification or shelving scheme Dewey Decimal Classification
Koha item type Books
Holdings
Lost status Source of classification or shelving scheme Damaged status Not for loan Collection code Permanent Location Current Location Shelving location Date acquired Source of acquisition Total Checkouts Full call number Date last seen Copy number Koha item type
  Dewey Decimal Classification   Not For Loan Non-fiction Central Library, University of Rajshahi Central Library, University of Rajshahi Reading Room 15/05/1968 N/A   332.1095491 PAF 1964 29/12/2016 C-1 Books
  Dewey Decimal Classification       Central Library, University of Rajshahi Central Library, University of Rajshahi General Stacks 05/02/2025     332.095491 PAF 1964 05/02/2025 C-2 Books
  Dewey Decimal Classification     Non-fiction Central Library, University of Rajshahi Central Library, University of Rajshahi General Stacks 02/11/2025     332.095491 PAF 1964 02/11/2025 C-3 Books